| 000 | 00773 a2200241 4500 | ||
|---|---|---|---|
| 999 |
_c200422229 _d37491 |
||
| 001 | 200422229 | ||
| 003 | TR-AnTOB | ||
| 005 | 20240112090941.0 | ||
| 008 | 150617s tu 000 0 | ||
| 040 |
_aTR-AnTOB _btur _erda _cTR-AnTOB |
||
| 041 | 0 | _atur | |
| 050 |
_aDS51.D5. _bA53 2013 |
||
| 090 | _aDS51.D5. A53 2013 | ||
| 245 | 1 | 0 |
_aAnadolu'nun kalbi Diyarbakır : _bgezi rehberi / _cDiyarbakır Belediyesi. |
| 264 |
_aDiyarbakır: _bDiyarbakır Belediyesi, _c2013 |
||
| 300 |
_a110 pages : _billustrations, charts, tables (some color) ; _c30 cm. |
||
| 336 |
_atext _2rdacontent _btxt |
||
| 337 |
_aunmediated _2rdamedia _bn |
||
| 338 |
_avolume _2rdacarrier _bnc |
||
| 651 | 7 |
_aDiyarbakır (Türkiye) _xGezi ve tanıtım _2etuturkob _917075 |
|
| 942 |
_cBK _2lcc |
||